Normal view MARC view
  • Pacheco, Teresa

Entry Nombre Personal

Number of records used in: 28

001 - NUMERO DE CONTROL

  • campo de control: 44207

003 - IDENTIFICADOR DE NUMERO DE CONTROL

  • campo de control: DLC

005 - FECHA Y HORA DE LA ÜLTIMA TRANSACCIÓN

  • campo de control: 20220401101054.0

008 - DATOS DE LONGITUD FIJA

  • campo de control de longitud fija: 220401n| acannaabn |a aaa

010 ## - NÚMERO DE CONTROL DE LA BIBLIOTECA DEL CONGRESO

  • Número de control LC: n 91022076

035 ## - NUMERO DE CONTROL

  • Número de control: (OCoLC)oca02905651

040 ## - FUENTE DE CATALOGACIÓN

  • Agencia original de catalogación: DLC
  • Lenguaje de catalogación: spa
  • Agencia de transcripción: DLC
  • Agencia que lo modifica: DLC
  • Agencia que lo modifica: OCoLC
  • Agencia que lo modifica: DLC
  • Agencia que lo modifica: MX-MxUPN

100 1# - ENCABEZAMIENTO - NOMBRE PERSONAL

  • Nombre personal: Pacheco, Teresa

373 ## - GRUPO ASOCIADO

  • Associated group: Universidad Nacional Autónoma de México. Centro de Estudios sobre la Universidad

374 ## - OCUPACIÓN

  • Occupation: Investigadora
  • Occupation: Socióloga

375 ## - GÉNERO

  • Gender: femenino

377 ## - LENGUA ASOCIADA

  • Language code: spa

400 1# - VEÁSE - NOMBRE DE PERSONA

  • Personal name: Pacheco Méndez, Teresa

400 1# - VEÁSE - NOMBRE DE PERSONA

  • Personal name: Méndez, Teresa Pacheco

670 ## - FUENTE EN LA QUE SE LOCALIZARON DATOS

  • Cita de la fuente: En su obra: La planeación de la educación superior en México y su contexto económico, político y educativo, 1989:
  • Información localizada: portada (Teresa Pacheco) reverso de la portada (researcher with Centro de Estudios sobre la Universidad; licentiate in sociology; M.A. in higher education)

670 ## - FUENTE EN LA QUE SE LOCALIZARON DATOS

  • Cita de la fuente: Recursos y desarrollo de Chiapas hasta 1990, 1992:
  • Información localizada: portada (Teresa Pacheco Méndez)

902 ## - CATALOGADOR

  • Catalogador: NDAF/220401